| 000 | 00595nam a22001937a 4500 | ||
|---|---|---|---|
| 005 | 20260514111719.0 | ||
| 010 | _aENG-148484 | ||
| 020 |
_a9789393757920 _c250.00 |
||
| 035 | _aEN-132016 | ||
| 037 | _bDBAD | ||
| 082 | _aS | ||
| 100 |
_aSharma, Amrita _989085 |
||
| 245 |
_aWhy Did I Ever Get Married?/ _cAmrita Sharma, |
||
| 250 | _a1 | ||
| 260 |
_bVishwakarma Publications _c2023 _aMaharashtra |
||
| 270 |
_a34A/1, Suyog Center, 7th floor, Gultekedi Marketyard Road, Giridhar Bhavan Chowk, _e411037 _bPune _minfo@vpindia.co.in |
||
| 300 |
_a167p. _c21cm (pb) |
||
| 942 |
_2ddc _cEN _hS _mSHA |
||
| 999 |
_c216167 _d216167 |
||